|
|
|
|
| LEADER |
01044nam a2200229 a 4500 |
| 001 |
11459954 |
| 008 |
100215s2005 bg ar s f a eng d |
| 010 |
|
|
|a 95902837
|z sn 96021722
|
| 040 |
|
|
|a ICRL
|c ICRL
|d MH
|d DLC
|d BD-DhAA
|
| 082 |
|
|
|a 330.9/549/205
|
| 245 |
0 |
0 |
|a Bangladesh economic review 2005/
|c Economic Adviser's Wing, Finance Division, MInistry of Finance, Government of the People's Republic of Bangladesh.
|
| 260 |
|
|
|a Dhaka :
|b The Division,
|c 2005
|
| 300 |
|
|
|a 308 p. :
|b ill. ;
|c 28 cm.
|
| 310 |
|
|
|a Annual
|
| 362 |
0 |
|
|a June 1995-
|
| 541 |
1 |
|
|e 00015102
|
| 651 |
|
0 |
|a Bangladesh
|x Economic conditions
|x Periodicals.
|
| 710 |
1 |
|
|a Economic Adviser's Wing.
|
| 852 |
4 |
|
|a Ayesha Abed Library
|j General shelf
|
| 999 |
|
|
|c 7539
|d 7539
|
| 952 |
|
|
|0 0
|1 0
|2 ddc
|4 0
|6 330_954920500000000_BAN_2005
|7 0
|9 8167
|a BRACUL
|b BRACUL
|c GEN
|d 2010-02-15
|l 0
|o 330.9549205 BAN
|p 3010015102
|r 2010-02-15
|t 1
|w 2010-02-15
|y BK
|
| 952 |
|
|
|0 0
|1 0
|2 ddc
|4 0
|6 330_954920500000000_BAN
|7 0
|9 54307
|a SCL
|b SCL
|c GEN
|d 2015-06-15
|l 0
|o 330.9549205 BAN
|p 3020006606
|r 2015-06-15
|t 2
|w 2015-06-15
|y BK
|